<?xml version="1.0" encoding="UTF-8"?>
<record
    xmlns:xsi="http://www.w3.org/2001/XMLSchema-instance"
    xsi:schemaLocation="http://www.loc.gov/MARC21/slim http://www.loc.gov/standards/marcxml/schema/MARC21slim.xsd"
    xmlns="http://www.loc.gov/MARC21/slim">

  <leader>01266nim a22002537a 4500</leader>
  <controlfield tag="005">2010090604404.0</controlfield>
  <controlfield tag="007">sd ammalaaahaa</controlfield>
  <controlfield tag="008">100906t        xxu||||| |||| 00| 0 hin d</controlfield>
  <datafield tag="028" ind1=" " ind2=" ">
    <subfield code="a">N.53312</subfield>
    <subfield code="b">His Master's Voice</subfield>
  </datafield>
  <datafield tag="035" ind1=" " ind2=" ">
    <subfield code="a">GR-676</subfield>
  </datafield>
  <datafield tag="040" ind1=" " ind2=" ">
    <subfield code="a">SED/VEN</subfield>
  </datafield>
  <datafield tag="100" ind1=" " ind2=" ">
    <subfield code="a">Shamshad Begum</subfield>
    <subfield code="9">18483</subfield>
  </datafield>
  <datafield tag="245" ind1=" " ind2=" ">
    <subfield code="a">Hum bhi insan hain :</subfield>
    <subfield code="b">Hindustani /</subfield>
    <subfield code="c">by Shamshad begum ; music by  Hemant Kumar ; lyric by Shailendra</subfield>
  </datafield>
  <datafield tag="246" ind1=" " ind2=" ">
    <subfield code="a">&#x939;&#x92E; &#x92D;&#x940; &#x907;&#x928;&#x94D;&#x938;&#x93E;&#x928; &#x939;&#x948;&#x902; (&#x936;&#x92E;&#x936;&#x93E;&#x926; &#x92C;&#x947;&#x917;&#x92E; )</subfield>
  </datafield>
  <datafield tag="260" ind1=" " ind2=" ">
    <subfield code="a">Dum Dum India</subfield>
    <subfield code="b">His Master's Voice</subfield>
  </datafield>
  <datafield tag="300" ind1=" " ind2=" ">
    <subfield code="a">1 sound recording [ gramophone record] :</subfield>
    <subfield code="b">analog, 33 1/3 rpm</subfield>
    <subfield code="c">10 in.</subfield>
    <subfield code="f">Gramophone Record</subfield>
  </datafield>
  <datafield tag="500" ind1=" " ind2=" ">
    <subfield code="a">Brief record</subfield>
  </datafield>
  <datafield tag="505" ind1=" " ind2=" ">
    <subfield code="a">Pyar jata ke chale gye part 1 (hum bhi insan hain) (shamshad begum) ( &#x92A;&#x94D;&#x92F;&#x93E;&#x930; &#x91C;&#x924;&#x93E; &#x915;&#x947; &#x91A;&#x932;&#x947; &#x917;&#x92F;&#x947;) pyari bole bulbul(hum bhi insan hain) (Mohd Rafi) &#x92A;&#x94D;&#x92F;&#x93E;&#x930;&#x940;  &#x92C;&#x94B;&#x932;&#x947;  &#x92C;&#x941;&#x932;&#x92C;&#x941;&#x932; ) (&#x939;&#x92E;  &#x92D;&#x940; &#x907;&#x928;&#x94D;&#x938;&#x93E;&#x928; &#x939;&#x948;&#x902; ) (&#x92E;&#x94B;&#x939;&#x92E;&#x926; &#x930;&#x92B;&#x93C;&#x940; )</subfield>
  </datafield>
  <datafield tag="650" ind1=" " ind2=" ">
    <subfield code="a">Classical Music</subfield>
    <subfield code="x">Excerpts</subfield>
    <subfield code="z">India</subfield>
    <subfield code="9">18484</subfield>
  </datafield>
  <datafield tag="700" ind1=" " ind2=" ">
    <subfield code="a">Hemant Kumar</subfield>
    <subfield code="9">18485</subfield>
  </datafield>
  <datafield tag="700" ind1=" " ind2=" ">
    <subfield code="a">Shailendra</subfield>
    <subfield code="9">18486</subfield>
  </datafield>
  <datafield tag="942" ind1=" " ind2=" ">
    <subfield code="2">ddc</subfield>
    <subfield code="c">GR</subfield>
  </datafield>
  <datafield tag="999" ind1=" " ind2=" ">
    <subfield code="c">43884</subfield>
    <subfield code="d">43884</subfield>
  </datafield>
  <datafield tag="952" ind1=" " ind2=" ">
    <subfield code="0">0</subfield>
    <subfield code="1">0</subfield>
    <subfield code="2">ddc</subfield>
    <subfield code="4">0</subfield>
    <subfield code="7">1</subfield>
    <subfield code="8">NFIC</subfield>
    <subfield code="a">L</subfield>
    <subfield code="b">L</subfield>
    <subfield code="d">2010-09-06</subfield>
    <subfield code="e">SED/VEN</subfield>
    <subfield code="l">0</subfield>
    <subfield code="p">GR-676</subfield>
    <subfield code="r">2010-09-06 00:00:00</subfield>
    <subfield code="t">1</subfield>
    <subfield code="w">2010-09-06</subfield>
    <subfield code="y">GR</subfield>
  </datafield>
</record>
